000
00291nam a2200133Ia 4500
003
SGT
082
_a
658,RAM
100
_a
RAMASAMY,T
245
_a
PRINCIPAL OF MANAGEMENT
260
_b
HIMALAYA PUBLISHING HOUSE
_a
N.Delhi
_c
2013
300
_a
366p.
650
_a
MANAGEMENT
942
_2
ddc
_c
FCM
999
_c
6283
_d
6283